000 00715 a2200229 4500
003 OSt
005 20180116182741.0
008 170726b xxu||||| |||| 00| 0 eng d
020 _a0330263374
020 _a9780330263375
040 _c0
082 0 4 _a303.4 TOF 1990
100 1 _aToffler, Alvin.
245 1 4 _aThe Third Wave
_cAlvin Toffler.
260 _a[S.l.] :
_bPan Books,
_c1990.
300 _a544 p. ;
_c18 cm.
_bpb.
440 _aThe Third Wave
500 _aPaperback.
856 4 0 _3Amazon.com
_uhttp://www.amazon.com/exec/obidos/ASIN/0330263374/chopaconline-20
856 4 0 _3Amazon customer reviews
_uhttp://www.chopac.org/cgi-bin/tools/azrev.pl?q=0330263374
942 _aNBS
_cBK
_k303.4 TOF
_2ddc
999 _c345298
_d345298